00371pab a2200145 454500008004000000100001800040245003300058260000900091300001300100362000800113650003800121650002200159700001800181773002600199180718b1996 xxu||||| |||| 00| 0 eng d aLipow, Arthur aThe politics of antipartyism c1996 ap.273-84 aApr aPolitical parties - Great Britain aPolitical parties aSeyd, Patrick aParliamentary Affairs